| 000 | 01011nam a22002772 4500 | ||
|---|---|---|---|
| 001 | 27436 | ||
| 003 | BD-RjUL | ||
| 005 | 20211209051144.0 | ||
| 008 | 140325s19591958enk 000 0 eng d | ||
| 035 |
_aOCLC ocm14720081 from D970428M _a(BD-RjUL)27510 |
||
| 040 |
_aOBE _cOBE _dWSU _dUKM _dBD-RjUL _beng |
||
| 041 | 1 | _aengfre | |
| 082 |
_a973 _bBRI 1959 |
||
| 090 |
_aE169.1 _b.B8843 1960 |
||
| 100 | 1 |
_aBruckberger, R.-L. _q(Raymond-Léopold), _d1907-1998. _984277 |
|
| 245 | 1 | 0 |
_aImage of America / _cTranslated from the Frence by C.G. Paulding and Virgilia Peterson _nPart I _pThe Political Revolution |
| 260 |
_aNewYork : _bViking Press, _c c1959. |
||
| 300 |
_aix, 259 p. ; _c22 cm. |
||
| 650 | 0 |
_aIndustries _zUnited States. _984278 |
|
| 651 | 0 |
_aUnited States _xCivilization. _984279 |
|
| 651 | 0 |
_aUnited States _xHistory _yRevolution, 1775-1783. _984280 |
|
| 651 | 0 |
_aUnited States _xForeign public opinion. _984281 |
|
| 700 |
_aC.G. Paulding _984282 |
||
| 700 |
_aVirgilia Peterson _984283 |
||
| 942 |
_2ddc _cBK |
||
| 999 |
_c27436 _d27436 |
||